[Event "NRW Class1 0506"]
[Site "Germany"]
[Date "2006.04.02"]
[Round "8.5"]
[White "Horstmann, Olaf"]
[Black "Topolewski, Dirk"]
[Result "1-0"]
[WhiteElo "2212"]
[BlackElo "2233"]
[PlyCount "105"]
[EventDate "2005.09.25"]
[EventType "team"]
[EventRounds "9"]
[EventCountry "GER"]
[SourceTitle "EXT 2006"]
[Source "ChessBase"]
[SourceDate "2005.11.24"]
[SourceVersion "1"]
[SourceVersionDate "2005.11.24"]
[SourceQuality "1"]
[WhiteTeam "Godesberg II"]
[BlackTeam "Castrop Rauxel"]
[WhiteTeamCountry "GER"]
[BlackTeamCountry "GER"]

1. e4 e6 2. d3 d5 3. Nd2 Nf6 4. Ngf3 b6 5. c3 Be7 6. Qa4+ c6 7. e5 Nfd7 8. d4 a5 9. Bd3 Ba6 10. Bxa6 Rxa6 11. 0-0 b5 12. Qd1 c5 13. a4 bxa4 14. Rxa4 Nb6 15. Ra2 a4 16. dxc5 Bxc5 17. Qe2 0-0 18. b4 Be7 19. Nd4 Qc8 20. Ba3 Ra8 21. Rc1 Nc4 22. Nxc4 Qxc4 23. Qxc4 dxc4 24. Rca1 Nd7 25. Nc6 Rfe8 26. Bc1 Nb6 27. Be3 Nd5 28. Rxa4 Rac8 29. Nxe7+ Rxe7 30. Ra8 Ree8 31. Rxc8 Rxc8 32. Bd4 f6 33. Kf1 Rc7 34. b5 Rb7 35. b6 fxe5 36. Ra8+ Kf7 37. Ra7 Rxa7 38. bxa7 Nc7 39. Bxe5 Na8 40. Ke2 Ke7 41. Bxg7 Kd6 42. Ke3 Kd5 43. f4 Nc7 44. Be5 Na8 45. g4 Nb6 46. h4 Kc6 47. g5 Kb7 48. h5 Nd5+ 49. Kd4 Kxa7 50. g6 h6 51. g7 Ne7 52. Bf6 Ng8 53. Ke5 1-0

[Event "NRW Class2 0405"]
[Site "Germany"]
[Date "2005.04.03"]
[Round "8.3"]
[White "Rott, Georg"]
[Black "Topolewski, Dirk"]
[Result "1-0"]
[WhiteElo "2193"]
[BlackElo "2266"]
[PlyCount "163"]
[EventDate "2004.10.10"]
[EventType "team"]
[EventRounds "9"]
[EventCountry "GER"]
[SourceTitle "EXT 2006"]
[Source "ChessBase"]
[SourceDate "2005.11.24"]
[SourceVersion "1"]
[SourceVersionDate "2005.11.24"]
[SourceQuality "1"]
[WhiteTeam "Neuenkirchen"]
[BlackTeam "Castrop Rauxel"]
[WhiteTeamCountry "GER"]
[BlackTeamCountry "GER"]

1. e4 e6 2. d4 d5 3. Nd2 c5 4. exd5 exd5 5. Ngf3 Nc6 6. Bb5 Bd6 7. 0-0 cxd4 8. Re1+ Nge7 9. Nxd4 0-0 10. N2f3 Bg4 11. Bg5 Nxd4 12. Qxd4 Bxf3 13. gxf3 f6 14. Bh4 Be5 15. Qb4 Ng6 16. Bg3 Qc7 17. c3 Rad8 18. Rad1 Kh8 19. Rd2 a5 20. Qb3 f5 21. Bxe5 Nxe5 22. Be2 Qe7 23. Red1 Rd6 24. Rxd5 Rg6+ 25. Kf1 Qh4 26. Qxb7 Qxh2 27. Ke1 Qf4 28. Rd8 Rg1+ 29. Bf1 Ng6 30. Qd5 h5 31. Rxf8+ Nxf8 32. Qf7 Qe5+ 33. Kd2 Qc5 34. Qxh5+ Kg8 35. Bc4+ Qxc4 36. Rxg1 Qxa2 37. Kc2 Qa4+ 38. Kb1 Qb5 39. Qg5 Qd3+ 40. Kc1 Ne6 41. Qe3 Qd5 42. Re1 Nf8 43. Kc2 a4 44. Ra1 Qb3+ 45. Kc1 Qc4 46. Ra3 Ne6 47. Rxa4 Qxa4 48. Qxe6+ Kh8 49. Qc8+ Kh7 50. Qxf5+ g6 51. Qe4 Qa1+ 52. Kc2 Qf1 53. Qe3 Qa6 54. Qe7+ Kg8 55. Qe8+ Kh7 56. Qd7+ Kh6 57. Qd4 Kh7 58. c4 Qa4+ 59. b3 Qa2+ 60. Qb2 Qa7 61. Kd3 Qd7+ 62. Qd4 Qf5+ 63. Qe4 Qc5 64. Qh4+ Kg8 65. Qd4 Qa3 66. Qd5+ Kh7 67. c5 Qc1 68. c6 Qd1+ 69. Kc4 Qe2+ 70. Qd3 Qe6+ 71. Kb5 Qe5+ 72. Ka6 Qc5 73. Qc4 Qf8 74. Kb7 Qxf3 75. Qh4+ Kg8 76. b4 Qd5 77. Qe7 Qb5+ 78. Kc7 Qa6 79. Qc5 Qa3 80. Kb8 Qf3 81. Qc4+ Kf8 82. c7 1-0

[Event "NRW Class2 0405"]
[Site "Germany"]
[Date "2005.01.09"]
[Round "5.4"]
[White "Nautsch, Werner"]
[Black "Topolewski, Dirk"]
[Result "0-1"]
[WhiteElo "2278"]
[BlackElo "2266"]
[PlyCount "72"]
[EventDate "2004.10.10"]
[EventType "team"]
[EventRounds "9"]
[EventCountry "GER"]
[SourceTitle "EXT 2006"]
[Source "ChessBase"]
[SourceDate "2005.11.24"]
[SourceVersion "1"]
[SourceVersionDate "2005.11.24"]
[SourceQuality "1"]
[WhiteTeam "Katernberg II"]
[BlackTeam "Castrop Rauxel"]
[WhiteTeamCountry "GER"]
[BlackTeamCountry "GER"]

1. e4 e6 2. d4 d5 3. Nc3 Bb4 4. a3 Bxc3+ 5. bxc3 dxe4 6. Qg4 Nf6 7. Qxg7 Rg8 8. Qh6 Rg6 9. Qd2 b6 10. Ne2 Bb7 11. Nf4 Rg8 12. Bb2 Qe7 13. c4 Nbd7 14. 0-0-0 0-0-0 15. Qc3 c5 16. d5 e5 17. Nh3 Ne8 18. f4 exf3 19. gxf3 Qh4 20. Qe1 Qh5 21. Qe3 Nd6 22. Nf2 f5 23. Bd3 Qh4 24. Rd2 Rde8 25. f4 e4 26. Bf1 Ba6 27. Qh3 Qxf4 28. Nd1 e3 29. Re2 Bxc4 30. Rxe3 Bxd5 31. Ba6+ Kc7 32. Rhe1 Bc4 33. Nc3 Rxe3 34. Rxe3 Rg1+ 35. Kd2 Qf2+ 36. Ne2 Qe1# 0-1